Fr. Conceicao Rodrigues College of Engineering

Electronic Device & Components (Record no. 18131)

MARC details
000 -LEADER
fixed length control field 00333nam a2200145Ia 4500
100 ## - MAIN ENTRY--PERSONAL NAME
Personal name Seymour/J
245 ## - TITLE STATEMENT
Title Electronic Device & Components
260 ## - PUBLICATION, DISTRIBUTION, ETC.
Name of publisher, distributor, etc. ELBS
Place of publication, distribution, etc. Malaysia
Date of publication, distribution, etc. 1988
300 ## - PHYSICAL DESCRIPTION
Extent 575
546 ## - LANGUAGE NOTE
Language note ENGLISH
650 ## - SUBJECT ADDED ENTRY--TOPICAL TERM
Topical term or geographic name entry element Electrical Engineering
654 ## - SUBJECT ADDED ENTRY--FACETED TOPICAL TERMS
Focus term Electronic Device & Components
942 ## - ADDED ENTRY ELEMENTS (KOHA)
Koha item type BOOK
Holdings
Withdrawn status Lost status Damaged status Not for loan Collection Home library Current library Shelving location Date acquired Total Checkouts Full call number Barcode Date last seen Price effective from Koha item type
        AFT Fr. Agnel's C.Rodrigues College of Engineering Fr. Agnel's C.Rodrigues College of Engineering   17/03/2023   AFT6272 17/03/2023 17/03/2023 BOOK